| 000 | 00751nam a22001937a 4500 | ||
|---|---|---|---|
| 005 | 20231219131708.0 | ||
| 010 | _aHN-126579 | ||
| 020 |
_c500.00 _a9789393175038 |
||
| 035 | _aHN-98925 | ||
| 037 | _bDBAD/PUB | ||
| 082 | _aक | ||
| 100 |
_aचतुरसेन _959953 |
||
| 245 |
_aआचार्य चतुरसेन की अनमोल कहानिया/ _cचतुरसेन |
||
| 250 | _a1 | ||
| 260 |
_aनई दिल्ली _bनीलगिरी प्रकाशन _c2022 |
||
| 270 |
_a4760-61 द्वितीय तल, 23,अंसारी रोड _bनई दिल्ली _e110002 |
||
| 300 |
_a151पृ.; _b23 से.मी.(सजिल्द) |
||
| 942 |
_2ddc _cHN _hक _mचतुर |
||
| 999 |
_c199691 _d199691 |
||